Rashtriya netayon ka samman: Saansad parisar mein pratimaye aur chitter (Record no. 18908)

MARC details
000 -LEADER
fixed length control field 00378nam a2200133Ia 4500
082 ## - DEWEY DECIMAL CLASSIFICATION NUMBER
Classification number 923.154 RAS;
245 #0 - TITLE STATEMENT
Title Rashtriya netayon ka samman: Saansad parisar mein pratimaye aur chitter
260 ## - PUBLICATION, DISTRIBUTION, ETC. (IMPRINT)
Place of publication Nayi Delhi
Name of publisher Lok Sabha Sachevalay
Year of publication 2011
300 ## - PHYSICAL DESCRIPTION
Number of Pages 302p
650 ## - SUBJECT ADDED ENTRY--TOPICAL TERM
Topical Term NATIONAL LEADERS - STATUES
650 ## - SUBJECT ADDED ENTRY--TOPICAL TERM
Topical Term PORTRAIT PAINTING
700 ## - ADDED ENTRY--PERSONAL NAME
Personal name Viswanathan, T.K.
942 ## - ADDED ENTRY ELEMENTS (KOHA)
Koha item type Books
Holdings
Withdrawn status Lost status Damaged status Not for loan Collection code Home library Current library Date acquired Source of acquisition Bill Date Full call number Accession Number Price effective from Koha item type Public note
        हिंदी पुस्तकों पर विशेष संग्रह NASSDOC Library NASSDOC Library 30/03/2015 Gifted by : Lok Sabha Secretariat 2014-11-19 923.154 RAS; 48767 18/04/2019 Books हिंदी पुस्तकों पर विशेष संग्रह